LEADER 02093nas 2200637- 450 001 9910139231603321 005 20240611213014.0 011 $a2327-3747 035 $a(DE-599)ZDB2817629-7 035 $a(OCoLC)830037236 035 $a(CKB)2560000000108658 035 $a(CONSER)--2013200717 035 $a(EXLCZ)992560000000108658 100 $a20130315b20132016 --- a 101 0 $aeng 135 $aur||||||||||| 181 $ctxt$2rdacontent 182 $cc$2rdamedia 183 $acr$2rdacarrier 200 10$aEndocrine disruptors 210 1$aAustin, Texas :$cLandes Bioscience,$d[2013]-[2016] 210 31$a[London] :$cTaylor & Francis Group, LLC 215 $a1 online resource 300 $aRefereed/Peer-reviewed 531 10$aEndocr Disruptors (Austin) 531 0 $aEndocr. disruptors 606 $aEndocrine disrupting chemicals$vPeriodicals 606 $aEndocrine toxicology$vPeriodicals 606 $aReproductive toxicology$vPeriodicals 606 $aEnvironmental toxicology$vPeriodicals 606 $aEndocrine System Diseases 606 $aEndocrine Disruptors 606 $aEndocrine disrupting chemicals$2fast$3(OCoLC)fst01745376 606 $aEndocrine toxicology$2fast$3(OCoLC)fst00909746 606 $aEnvironmental toxicology$2fast$3(OCoLC)fst00913536 606 $aReproductive toxicology$2fast$3(OCoLC)fst01095012 608 $aPeriodical. 608 $aPeriodicals.$2fast 608 $aPeriodicals.$2lcgft 615 0$aEndocrine disrupting chemicals 615 0$aEndocrine toxicology 615 0$aReproductive toxicology 615 0$aEnvironmental toxicology 615 12$aEndocrine System Diseases. 615 12$aEndocrine Disruptors. 615 7$aEndocrine disrupting chemicals. 615 7$aEndocrine toxicology. 615 7$aEnvironmental toxicology. 615 7$aReproductive toxicology. 676 $a616.4 712 02$aLandes Bioscience, 712 02$aTaylor & Francis. 906 $aJOURNAL 912 $a9910139231603321 996 $aEndocrine Disruptors$92088911 997 $aUNINA